[Event "I Open A"]
[Site "Pedavena ITA"]
[Date "2005.08.04"]
[Round "3"]
[White "Navarro, Stefano"]
[Black "Inkiov, Ventzislav V."]
[Result "0-1"]
[WhiteElo "2209"]
[BlackElo "2472"]
[PlyCount "125"]
[EventDate "2005.08.03"]

1. e4 e5 2. Nf3 Nc6 3. c3 Nf6 4. d4 Nxe4 5. d5 Ne7 6. Nxe5 Ng6 7. Bd3 Nxe5 8.
Bxe4 Qh4 9. Qe2 Bc5 10. g3 Qe7 11. b4 Bb6 12. d6 cxd6 13. O-O d5 14. Bxd5 d6
15. Kg2 Bg4 16. f3 Be6 17. Bxe6 Qxe6 18. Nd2 Rc8 19. Ne4 O-O 20. Bf4 Ng6 21.
Qd2 d5 22. Ng5 Nxf4+ 23. gxf4 Qg6 24. Kh1 h6 25. Nh3 d4 26. Rac1 Qf5 27. Nf2
dxc3 28. Rxc3 Rxc3 29. Qxc3 Qxf4 30. Ne4 Rd8 31. Qc1 Be3 32. Qb2 f5 33. Qb3+
Kh8 34. Ng3 Qe5 35. Rd1 Rf8 36. Rd5 Qf4 37. Kg2 Bb6 38. Qb1 Bc7 39. Rxf5 Qd2+
40. Kh3 Qd7 41. Kg2 Re8 42. Qc2 Be5 43. Qc5 Bf6 44. Ne4 Be7 45. Qd5 Qxd5 46.
Rxd5 Bxb4 47. Rb5 a5 48. a3 Bxa3 49. Rxa5 Bf8 50. Rb5 Re7 51. h4 Rd7 52. h5 Kg8
53. Nc3 Rc7 54. Ne4 Be7 55. Kh3 Kf7 56. Kg4 Ke6 57. Rb6+ Kd5 58. Kf5 Bc5 59.
Rb5 Kc4 60. Rb1 b5 61. Rc1+ Kd4 62. Rd1+ Ke3 63. Rd5 {...} 0-1

[Event "I Open A"]
[Site "Pedavena ITA"]
[Date "2005.08.04"]
[Round "3"]
[White "Pojer, Romeo"]
[Black "Efimov, Igor"]
[Result "0-1"]
[WhiteElo "2160"]
[BlackElo "2401"]
[PlyCount "60"]
[EventDate "2005.08.03"]

1. e4 c6 2. d4 d5 3. f3 g6 4. Nc3 Bg7 5. Be3 Qb6 6. Qd2 Qxb2 7. Rb1 Qa3 8. exd5
Nf6 9. dxc6 bxc6 10. Bc4 O-O 11. Nge2 Ba6 12. Bxa6 Qxa6 13. O-O Rd8 14. Qe1
Nbd7 15. Qh4 Nb6 16. Rfe1 Nfd5 17. Bf2 Bf6 18. Qe4 Rd6 19. Qd3 Qxd3 20. cxd3
Nxc3 21. Nxc3 Rxd4 22. Ne4 Rxd3 23. Nxf6+ exf6 24. Rec1 Rd2 25. Rxc6 Re8 26.
Rxf6 Ree2 27. Rf1 Nc4 28. Rc6 Ne3 29. Rc8+ Kg7 30. Re8 Rxf2 0-1

[Event "I Open A"]
[Site "Pedavena ITA"]
[Date "2005.08.04"]
[Round "3"]
[White "Pol, Fabio"]
[Black "Xia, Jie"]
[Result "1/2-1/2"]
[WhiteElo "1688"]
[BlackElo "2121"]
[PlyCount "151"]
[EventDate "2005.08.03"]

1. e4 c5 2. Nc3 Nc6 3. Be2 g6 4. d3 Bg7 5. Nd5 e6 6. Ne3 Nge7 7. h4 d5 8. h5
dxe4 9. hxg6 hxg6 10. Rxh8+ Bxh8 11. dxe4 Qxd1+ 12. Bxd1 b6 13. c3 Bb7 14. Nc4
O-O-O 15. Bg5 f6 16. Bf4 e5 17. Bg3 g5 18. Bc2 Bg7 19. Rd1 Kc7 20. Ne2 Bf8 21.
f3 a6 22. Bf2 Nc8 23. Ng3 Rxd1+ 24. Kxd1 Nd6 25. Bb3 Nd8 26. Ne3 Ne8 27. Nd5+
Bxd5 28. Bxd5 Ng7 29. Bc4 b5 30. Bf1 Nde6 31. Kc2 Kc6 32. Ne2 Ne8 33. Kb3 Nd6
34. Ng3 Nf4 35. Ne2 c4+ 36. Kc2 Nd3 37. Be3 g4 38. Ng1 gxf3 39. gxf3 Nc5 40.
Ne2 Ne6 41. Bh3 Nc5 42. Nc1 a5 43. b3 Ncb7 44. Kb2 Nd8 45. Bd2 N8f7 46. Be3 Bh6
47. Bxh6 Nxh6 48. Ne2 Nhf7 49. a4 Ng5 50. axb5+ Kxb5 51. Bg4 cxb3 52. Kxb3 a4+
53. Kc2 Nc4 54. Bd7+ Ka5 55. Ng1 Ne3+ 56. Kb2 Nd1+ 57. Kc2 a3 58. Kb3 a2 59.
Kxa2 Nxc3+ 60. Kb3 Nd1 61. Kc4 Kb6 62. Kd3 Kc5 63. Bg4 Nf2+ 64. Ke3 Nxg4+ 65.
fxg4 Kc4 66. Ne2 Nf7 67. Ng3 Nh6 68. Kf3 Kd3 69. Nh5 Ng8 70. Ng7 Ne7 71. Ne8 f5
72. gxf5 Nxf5 73. Nf6 Nd4+ 74. Kf2 Ne6 75. Nd7 Kxe4 76. Nxe5 1/2-1/2

[Event "I Open A"]
[Site "Pedavena ITA"]
[Date "2005.08.04"]
[Round "3"]
[White "Quaranta, Cristiano"]
[Black "Gamberini, Davide"]
[Result "1-0"]
[WhiteElo "2026"]
[BlackElo "1862"]
[PlyCount "33"]
[EventDate "2005.08.03"]

1. d4 f5 2. Bg5 g6 3. h4 h6 4. Bf4 Nf6 5. Nf3 d6 6. Nc3 Bg7 7. g3 O-O 8. Qd2
Kh7 9. h5 Nxh5 10. O-O-O Qe8 11. Nd5 Na6 12. e4 c6 13. Nc3 fxe4 14. Nxe4 Bg4
15. Be2 e5 16. Nxd6 Qe7 17. dxe5 {...} 1-0

[Event "I Open A"]
[Site "Pedavena ITA"]
[Date "2005.08.04"]
[Round "3"]
[White "Rossi, Gianni"]
[Black "Maniero, Andrea"]
[Result "0-1"]
[WhiteElo "2108"]
[BlackElo "1898"]
[PlyCount "78"]
[EventDate "2005.08.03"]

1. d4 d5 2. e4 dxe4 3. Nc3 e5 4. Be3 exd4 5. Bxd4 Nf6 6. Bb5+ c6 7. Bc4 Bg4 8.
Nge2 Bb4 9. O-O O-O 10. Bxf6 Qxf6 11. Nxe4 Qe7 12. f3 Rd8 13. Qc1 Be6 14. Bxe6
Qxe6 15. Qg5 f6 16. Qh4 Nd7 17. N2g3 Ba5 18. c3 Ne5 19. Nh5 Bb6+ 20. Kh1 Rf8
21. Rae1 Qf5 22. g4 Qg6 23. h3 Rad8 24. f4 Nd3 25. Re2 Qf7 26. f5 Nc5 27. Nf4
g5 28. fxg6 hxg6 29. g5 Nxe4 30. Rxe4 fxg5 31. Qxg5 Rd5 32. Qg2 Rf5 33. Rfe1
Rxf4 34. Rxf4 Qxf4 35. Qxg6+ Kh8 36. Qh5+ Kg8 37. Qg6+ Kh8 38. Qh5+ Kg7 39.
Re7+ Rf7 0-1

[Event "I Open A"]
[Site "Pedavena ITA"]
[Date "2005.08.04"]
[Round "3"]
[White "Schiatti, Piero"]
[Black "Carlassara, Renato"]
[Result "1/2-1/2"]
[WhiteElo "1970"]
[BlackElo "1772"]
[PlyCount "63"]
[EventDate "2005.08.03"]

1. c4 e5 2. Nc3 Bb4 3. Nd5 Ba5 4. b4 c6 5. bxa5 cxd5 6. cxd5 Nf6 7. e4 Qxa5 8.
f3 O-O 9. Bc4 b5 10. Bb3 Na6 11. Bb2 d6 12. a4 Nc5 13. Bc2 Ba6 14. Ne2 bxa4 15.
Bc3 Qb6 16. d4 Bxe2 17. Qxe2 Nb3 18. Rxa4 Nxd4 19. Bxd4 exd4 20. Ra6 Qb4+ 21.
Qd2 Qb2 22. Bd3 Rfb8 23. Ra2 Qc3 24. Ke2 Rc8 25. Qxc3 dxc3 26. Rc1 Rab8 27.
Rxa7 Nh5 28. g3 f5 29. exf5 Re8+ 30. Kf2 Rb2+ 31. Rc2 Reb8 32. Rc7 {...}
1/2-1/2

[Event "I Open A"]
[Site "Pedavena ITA"]
[Date "2005.08.04"]
[Round "3"]
[White "Solinas, Carlo"]
[Black "Cortina, Federico"]
[Result "1-0"]
[WhiteElo "2074"]
[BlackElo "1868"]
[PlyCount "71"]
[EventDate "2005.08.03"]

1. e4 c5 2. d4 cxd4 3. c3 d5 4. exd5 Qxd5 5. cxd4 Nc6 6. Nf3 e5 7. Nc3 Bb4 8.
Bd2 Bxc3 9. Bxc3 e4 10. Ne5 Nxe5 11. dxe5 Ne7 12. Qe2 Nf5 13. Rd1 Qc6 14. Bb4
Be6 15. Qd2 Rc8 16. h4 h6 17. Rh3 Ne7 18. Rc3 Qd7 19. Bb5 Nc6 20. Qf4 Qc7 21.
Rg3 f5 22. Rd6 Qf7 23. Rxg7 Qxg7 24. Rxe6+ Kd8 25. Qd2+ Kc7 26. Bd6+ Kb6 27.
Qe3+ Kxb5 28. a4+ Kxa4 29. Qa3+ Kb5 30. Qb3+ Ka6 31. Qa4+ Kb6 32. Bb4 a6 33.
Qa5+ Ka7 34. Bc5+ Kb8 35. Qb6 Rhg8 36. Rd6 1-0

[Event "I Open A"]
[Site "Pedavena ITA"]
[Date "2005.08.04"]
[Round "3"]
[White "Starostits, Ilmars"]
[Black "Cacco, Christian"]
[Result "0-1"]
[WhiteElo "2474"]
[BlackElo "2348"]
[PlyCount "133"]
[EventDate "2005.08.03"]

1. e4 g6 2. d4 Bg7 3. Nc3 d6 4. f4 Nf6 5. Nf3 O-O 6. Bd3 c5 7. dxc5 dxc5 8. O-O
Nc6 9. a3 Bg4 10. Be3 Nd4 11. Qd2 Bxf3 12. gxf3 Ne8 13. Rad1 Nc7 14. Qf2 Qc8
15. Kh1 Qh3 16. f5 Rad8 17. Ne2 Nxe2 18. Bxe2 b6 19. Rg1 Rxd1 20. Rxd1 gxf5 21.
Rg1 f4 22. Bxf4 Ne6 23. Be3 Kh8 24. Rg3 Qh4 25. f4 Bd4 26. Bg4 Bxe3 27. Qxe3
Qf6 28. Bxe6 Qxe6 29. Qc3+ f6 30. Qd3 Rg8 31. Kg2 Rxg3+ 32. hxg3 Kg7 33. c4 Qg4
34. b4 Qc8 35. f5 cxb4 36. axb4 a5 37. c5 axb4 38. cxb6 Qc6 39. Qd4 Qb5 40. Qd8
Qe2+ 41. Kh3 Qf1+ 42. Kh2 Qe2+ 43. Kh3 Qxe4 44. Qd7 Qh1+ 45. Kg4 h5+ 46. Kf4
Qf1+ 47. Ke4 Qg2+ 48. Kd3 Qxg3+ 49. Kc4 Qc3+ 50. Kb5 b3 51. Qxe7+ Kh6 52. Qa3
Qd3+ 53. Kc6 Qe4+ 54. Kc7 Qe5+ 55. Kc6 b2 56. Qb4 Qh2 57. Qf8+ Kg5 58. Qg7+
Kxf5 59. Qh7+ Kg4 60. Qg6+ Kf3 61. Qxf6+ Ke4 62. Qg6+ Kd4 63. Qf6+ Qe5 64. Qf2+
Kc3 65. Qf3+ Kb4 66. Qf8+ Kb3 67. b7 {...} 0-1

[Event "I Open A"]
[Site "Pedavena ITA"]
[Date "2005.08.04"]
[Round "3"]
[White "Stiz, Massimiliano"]
[Black "Dussin, Davide"]
[Result "0-1"]
[WhiteElo "1886"]
[BlackElo "1706"]
[PlyCount "84"]
[EventDate "2005.08.03"]

1. b3 d5 2. Bb2 Bf5 3. e3 Nd7 4. f4 Ngf6 5. Nf3 e6 6. Nc3 Be7 7. Be2 O-O 8. O-O
c5 9. Nh4 h6 10. Nxf5 exf5 11. Kh1 a6 12. g4 fxg4 13. Bxg4 Nxg4 14. Qxg4 Nf6
15. Qg2 b5 16. Rg1 g6 17. Ne2 Kh7 18. a4 b4 19. d3 Qd7 20. Rad1 Qe6 21. Qf3
Rae8 22. Ng3 Qg4 23. Qf2 Qh3 24. Rg2 Ng4 25. Qg1 h5 26. Nf1 Bh4 27. e4 Qf3 28.
Nd2 Nf2+ 29. Qxf2 Qxd1+ 30. Qg1 Qxg1+ 31. Kxg1 dxe4 32. dxe4 Rd8 33. f5 Rfe8
34. h3 Be1 35. Nf3 Rd1 36. Kh2 h4 37. Ng5+ Kg8 38. Re2 Rd2 39. Rxd2 Bxd2 40.
Nf3 Rxe4 41. fxg6 fxg6 42. Ne5 Bf4+ 0-1

[Event "I Open A"]
[Site "Pedavena ITA"]
[Date "2005.08.04"]
[Round "3"]
[White "Torri, Graziano"]
[Black "Cipolotti, Piersilvio"]
[Result "1-0"]
[WhiteElo "1865"]
[BlackElo "1700"]
[PlyCount "105"]
[EventDate "2005.08.03"]

1. e4 Nc6 2. d4 e5 3. dxe5 Nxe5 4. Nf3 Bb4+ 5. Bd2 Nxf3+ 6. Qxf3 Bxd2+ 7. Nxd2
Qf6 8. O-O-O Qxf3 9. Nxf3 Nf6 10. Bc4 O-O 11. Rhe1 d6 12. e5 dxe5 13. Nxe5 Bf5
14. f3 a6 15. g4 Bg6 16. h4 b5 17. Bb3 c5 18. Bd5 Nxd5 19. Rxd5 h6 20. Rxc5 Bh7
21. Rd1 Rac8 22. Rdd5 Rfe8 23. Rxc8 Rxc8 24. c3 b4 25. Kd2 bxc3+ 26. bxc3 Rb8
27. Ke3 f6 28. Nc6 Re8+ 29. Kd4 Re2 30. Nb4 Rd2+ 31. Ke3 Rxd5 32. Nxd5 Bb1 33.
a3 Kf7 34. Kd4 f5 35. c4 fxg4 36. fxg4 a5 37. Ke5 Bd3 38. c5 Bb5 39. Nc3 Bc6
40. Nd5 Bd7 41. Ne3 Ke8 42. Kd6 Kd8 43. c6 Bc8 44. h5 Ke8 45. Nf5 Kf7 46. Kc7
Be6 47. Kd8 g6 48. hxg6+ Kxg6 49. Ne3 h5 50. gxh5+ Kxh5 51. c7 Kg5 52. Nd5 Kf5
53. Nb6 1-0

[Event "I Open A"]
[Site "Pedavena ITA"]
[Date "2005.08.05"]
[Round "4"]
[White "Basso, Piergiorgio"]
[Black "Chiesura, Luca"]
[Result "1-0"]
[WhiteElo "1712"]
[BlackElo "1470"]
[PlyCount "65"]
[EventDate "2005.08.03"]

1. e4 e6 2. d4 d6 3. Bd3 Bd7 4. Ne2 Nf6 5. O-O Nc6 6. c3 Be7 7. Qc2 O-O 8. f4
h6 9. Ng3 Re8 10. Nd2 Bf8 11. e5 dxe5 12. fxe5 Nd5 13. Bh7+ Kh8 14. Rxf7 Re7
15. Rf2 g5 16. Bg6 Rg7 17. Nh5 Nf4 18. Nxg7 Kxg7 19. Bd3 Nb4 20. cxb4 Ba4 21.
Qc4 b5 22. Qc3 a5 23. Bf1 Bxb4 24. Qf3 Qxd4 25. Qxa8 Bc5 26. Qf3 Bd1 27. Nb3
Qd8 28. Qg3 Nh5 29. Nxc5 Qd5 30. Nxe6+ Qxe6 31. Qc3 Bg4 32. Qxc7+ Kg8 33. Qd8+
1-0

[Event "I Open A"]
[Site "Pedavena ITA"]
[Date "2005.08.05"]
[Round "4"]
[White "Bini, Lorenzo"]
[Black "Pol, Fabio"]
[Result "1-0"]
[WhiteElo "2009"]
[BlackElo "1688"]
[PlyCount "120"]
[EventDate "2005.08.03"]

1. f4 Nf6 2. b3 c5 3. Bb2 Nc6 4. Nf3 d5 5. g3 Bf5 6. Bg2 Qd7 7. O-O Bh3 8. e3
Bxg2 9. Kxg2 g6 10. Ne5 Qc7 11. Qf3 Rg8 12. d3 Bg7 13. Nd2 e6 14. Nxc6 Qxc6 15.
Rab1 h5 16. h3 h4 17. g4 Ke7 18. Be5 Ne8 19. b4 cxb4 20. Rxb4 Nd6 21. Bxg7 Rxg7
22. c4 f5 23. g5 Ke8 24. Rfb1 Rc7 25. R1b2 b6 26. cxd5 exd5 27. Nb3 Qc3 28. Nd4
Qxd3 29. Qxd5 Qe4+ 30. Qxe4+ Nxe4 31. Nb5 Rd7 32. Rd4 Rad8 33. Rc2 Nc5 34. Rxd7
Rxd7 35. Nd4 Kf7 36. Nc6 Ke6 37. Ne5 Rg7 38. Rd2 Rg8 39. Kf3 a6 40. Rb2 b5 41.
Rc2 Kd6 42. Nf7+ Kd5 43. Ne5 Kd6 44. Rd2+ Kc7 45. Rd5 Ne4 46. Rd7+ Kb6 47. Re7
Nc5 48. Nd7+ Nxd7 49. Rxd7 b4 50. e4 fxe4+ 51. Kxe4 Kc5 52. Rc7+ Kb6 53. Re7
Kc5 54. f5 gxf5+ 55. Kxf5 Rf8+ 56. Ke4 Rg8 57. Re5+ Kc4 58. Ra5 b3 59. axb3+
Kxb3 60. Kf5 Ra8 1-0

[Event "I Open A"]
[Site "Pedavena ITA"]
[Date "2005.08.05"]
[Round "4"]
[White "Brunelli, Giovanni"]
[Black "Marcori, Mirko"]
[Result "1-0"]
[WhiteElo "1938"]
[BlackElo "1730"]
[PlyCount "143"]
[EventDate "2005.08.03"]

1. e4 d6 2. d4 Nf6 3. Nc3 c6 4. f4 g6 5. Nf3 Bg7 6. h3 O-O 7. Be3 Qa5 8. Bd3
Na6 9. a3 c5 10. O-O Qc7 11. e5 dxe5 12. fxe5 Nd7 13. Nd5 Qd8 14. c3 cxd4 15.
cxd4 Nxe5 16. Nxe5 Qxd5 17. Bc4 Qe4 18. Bxf7+ Kh8 19. Qf3 Qxf3 20. Rxf3 Bxe5
21. dxe5 Bf5 22. e6 h5 23. Bg5 Nc7 24. Bxe7 Rfc8 25. Bf6+ Kh7 26. e7 Ne8 27.
Bc3 a5 28. Rd1 Nc7 29. Re3 Bc2 30. Rd7 Ne8 31. Bxe8 Rxe8 32. Bf6 Kg8 33. Rd8
Kf7 34. Bh4 Bf5 35. Rc3 Ra6 36. Rf3 Rxe7 37. Bxe7 Kxe7 38. Rb8 Rb6 39. Re3+ Be6
40. Re2 Rb5 41. g4 hxg4 42. hxg4 Kf6 43. Rf8+ Kg7 44. Rf4 Rb6 45. Re5 a4 46.
Rxa4 Kf6 47. Re2 Bd5 48. g5+ Kf5 49. Ra5 Rd6 50. Rd2 Ke6 51. Kf2 Ke5 52. Ke3
Rd7 53. Rd4 Ke6 54. b4 Rd6 55. b5 b6 56. Ra7 Kf5 57. Re7 Rd8 58. Rf4+ Kxg5 59.
Re5+ Kh6 60. Rd4 Ra8 61. Rexd5 Rxa3+ 62. Rd3 Ra5 63. Kf4 Ra8 64. Rd7 Rf8+ 65.
Kg4 g5 66. R7d6+ Kg7 67. Kxg5 Rf7 68. Rxb6 Kh8 69. Rh6+ Kg7 70. Rdh3 Kf8 71.
Rh8+ Ke7 72. R3h7 1-0

[Event "I Open A"]
[Site "Pedavena ITA"]
[Date "2005.08.05"]
[Round "4"]
[White "Cacco, Christian"]
[Black "Okhotnik, Vladimir"]
[Result "0-1"]
[WhiteElo "2348"]
[BlackElo "2404"]
[PlyCount "82"]
[EventDate "2005.08.03"]

1. d4 g6 2. c4 Bg7 3. g3 c5 4. Nf3 cxd4 5. Nxd4 Nc6 6. Nc2 Qa5+ 7. Qd2 Qxd2+ 8.
Nxd2 b6 9. Rb1 Bb7 10. Bg2 O-O-O 11. O-O Ne5 12. Ne3 Bxg2 13. Kxg2 Nc6 14. Nf3
Nf6 15. Rd1 Ne4 16. Ne1 h5 17. f3 Nc5 18. b3 h4 19. Bb2 Bxb2 20. Rxb2 hxg3 21.
hxg3 Rh5 22. b4 Ne6 23. f4 Ncd4 24. Nf3 Nxf3 25. Kxf3 Nc7 26. Rbd2 d6 27. Nd5
Rd7 28. Nc3 Ne8 29. Rd5 Rh2 30. Ne4 f5 31. Nf2 Nf6 32. R5d2 Rc7 33. Rd4 a5 34.
a3 axb4 35. axb4 Ra7 36. R4d3 Ra4 37. Rb3 e5 38. fxe5 dxe5 39. Rg1 g5 40. g4 f4
41. Rgb1 e4+ 0-1

[Event "I Open A"]
[Site "Pedavena ITA"]
[Date "2005.08.05"]
[Round "4"]
[White "Carlassara, Renato"]
[Black "Torri, Graziano"]
[Result "0-1"]
[WhiteElo "1772"]
[BlackElo "1865"]
[PlyCount "61"]
[EventDate "2005.08.03"]

1. e4 c5 2. d4 cxd4 3. c3 d3 4. Bxd3 Nc6 5. Nf3 d6 6. c4 Bg4 7. Nbd2 Nf6 8. h3
Ne5 9. Be2 Bxf3 10. Bxf3 Nd3+ 11. Kf1 Nd7 12. Be2 N3e5 13. Nf3 g6 14. Be3 Bg7
15. Nd4 O-O 16. h4 Nf6 17. f3 h5 18. Qd2 Rc8 19. b3 Qd7 20. Kf2 a6 21. Rac1 Kh7
22. Bd3 Qc7 23. Rc2 Nfd7 24. Be2 Nc5 25. Rcc1 Ng4+ 26. Kf1 Nxe3+ 27. Qxe3 Bh6
28. f4 e5 29. Nf3 Bxf4 30. Qc3 Nxe4 31. Qc2 0-1

[Event "I Open A"]
[Site "Pedavena ITA"]
[Date "2005.08.05"]
[Round "4"]
[White "Celotto, Carlo"]
[Black "Cecchetto, Vanni"]
[Result "1/2-1/2"]
[WhiteElo "1840"]
[BlackElo "2019"]
[PlyCount "24"]
[EventDate "2005.08.03"]

1. d4 d5 2. e4 e6 3. Bd3 dxe4 4. Bxe4 Nf6 5. Bd3 c5 6. dxc5 Bxc5 7. Nf3 O-O 8.
O-O Re8 9. Nc3 a6 10. Bg5 Nbd7 11. Qe2 Qc7 12. Ne4 Be7 1/2-1/2

[Event "I Open A"]
[Site "Pedavena ITA"]
[Date "2005.08.05"]
[Round "4"]
[White "Cipolotti, Piersilvio"]
[Black "Fracasso Pezzolato, Michele"]
[Result "1/2-1/2"]
[WhiteElo "1700"]
[BlackElo "1814"]
[PlyCount "50"]
[EventDate "2005.08.03"]

1. Nf3 d5 2. g3 Nf6 3. Bg2 g6 4. O-O Bg7 5. d3 O-O 6. Nbd2 Nbd7 7. c3 e5 8. e4
c6 9. d4 exd4 10. e5 Ne4 11. cxd4 Nxd2 12. Qxd2 f6 13. exf6 Nxf6 14. Ne5 Bf5
15. f3 Qb6 16. g4 Be6 17. Kh1 Rae8 18. b3 Nd7 19. Ba3 Bxe5 20. dxe5 Rf7 21.
Rae1 c5 22. b4 c4 23. Bb2 Nf8 24. h3 Rd8 25. f4 d4 1/2-1/2

[Event "I Open A"]
[Site "Pedavena ITA"]
[Date "2005.08.05"]
[Round "4"]
[White "Cortina, Federico"]
[Black "Rossi, Gianni"]
[Result "1-0"]
[WhiteElo "1868"]
[BlackElo "2108"]
[PlyCount "57"]
[EventDate "2005.08.03"]

1. Nf3 b6 2. d4 e6 3. c4 Bb7 4. a3 f5 5. Nc3 Nf6 6. Bg5 Be7 7. e3 O-O 8. Bxf6
Bxf6 9. Bd3 d6 10. e4 e5 11. dxe5 dxe5 12. exf5 e4 13. Nxe4 Re8 14. Qc2 Na6 15.
O-O-O Nc5 16. Nxf6+ Qxf6 17. Rhe1 a5 18. Re3 g5 19. Qe2 Red8 20. Bc2 Rxd1+ 21.
Qxd1 Rd8 22. Qe2 Bc6 23. g4 Qd6 24. Nxg5 Qxh2 25. Ne6 Rb8 26. Nxc5 bxc5 27. Re7
Qh6+ 28. Kb1 Bf3 29. Re8+ 1-0

[Event "I Open A"]
[Site "Pedavena ITA"]
[Date "2005.08.05"]
[Round "4"]
[White "Dussin, Davide"]
[Black "Schiatti, Piero"]
[Result "0-1"]
[WhiteElo "1706"]
[BlackElo "1970"]
[PlyCount "72"]
[EventDate "2005.08.03"]

1. d4 d5 2. c4 c6 3. Nc3 Nf6 4. Nf3 a6 5. Bg5 Ne4 6. Nxe4 dxe4 7. Nh4 f6 8. Be3
g5 9. Qc2 gxh4 10. Qxe4 Qa5+ 11. Bd2 Qh5 12. O-O-O Bf5 13. Qf4 Nd7 14. e4 Bg6
15. Qe3 Bf7 16. Be2 Qg6 17. Bd3 e5 18. dxe5 Nxe5 19. b3 O-O-O 20. Ba5 Bh6 21.
f4 Nxd3+ 22. Rxd3 Rxd3 23. Qxd3 Bxf4+ 24. Kb1 Re8 25. Rd1 Kb8 26. Bb6 Be6 27.
Bg1 Bg4 28. Re1 Bf5 29. Kb2 Bxe4 30. Qd7 Be5+ 31. Ka3 Bf5 32. Qd2 Qg8 33. Qf2
Bd6+ 34. c5 Rxe1 35. cxd6 Rxg1 36. Qxg1 Qd5 0-1

[Event "I Open A"]
[Site "Pedavena ITA"]
[Date "2005.08.05"]
[Round "4"]
[White "Dvirnyy, Danyyil"]
[Black "Moi, Roberto"]
[Result "1-0"]
[WhiteElo "2141"]
[BlackElo "2010"]
[PlyCount "91"]
[EventDate "2005.08.03"]

1. e4 e5 2. Nf3 Nf6 3. Nxe5 d6 4. Nf3 Nxe4 5. d4 d5 6. Bd3 Nc6 7. O-O Be7 8. c4
Nb4 9. Be2 dxc4 10. Bxc4 O-O 11. Nc3 Nxc3 12. bxc3 Nd5 13. Re1 Be6 14. Qb3 b6
15. Ne5 Bf6 16. Ba3 Re8 17. Nxf7 Bxf7 18. Rxe8+ Qxe8 19. Bxd5 Rd8 20. Bxf7+
Qxf7 21. Qxf7+ Kxf7 22. Kf1 Rd5 23. Rb1 Ra5 24. Rb3 Be7 25. Bxe7 Kxe7 26. Rb2
Rd5 27. Ke2 c6 28. Kd3 c5 29. Re2+ Kd6 30. Re8 Rg5 31. g3 cxd4 32. cxd4 Ra5 33.
Re2 g5 34. f3 Rf5 35. Ke4 Ke6 36. Rc2 Ra5 37. f4 gxf4 38. gxf4 Kd6 39. f5 Ra3
40. f6 Ke6 41. Rf2 Kf7 42. d5 Rc3 43. d6 Rc1 44. Rd2 Rc8 45. d7 Rd8 46. Rd6 1-0

[Event "I Open A"]
[Site "Pedavena ITA"]
[Date "2005.08.05"]
[Round "4"]
[White "Gaido, Paolo"]
[Black "Fragni, Enrico"]
[Result "1/2-1/2"]
[WhiteElo "2114"]
[BlackElo "1861"]
[PlyCount "90"]
[EventDate "2005.08.03"]

1. Nf3 d6 2. d4 Bg4 3. c4 c6 4. Nc3 Qc7 5. e4 e5 6. Be2 Be7 7. Be3 Nd7 8. O-O
Ngf6 9. Qd2 h6 10. Rfd1 O-O 11. h3 Bxf3 12. Bxf3 a5 13. Be2 Rfd8 14. f4 exd4
15. Bxd4 Nc5 16. Qe3 Ncd7 17. Qf2 Bf8 18. Bf3 Re8 19. Rd2 Re6 20. Rad1 Rae8 21.
Be3 b6 22. f5 R6e7 23. Rxd6 Nc5 24. Bxc5 bxc5 25. R6d2 Nd7 26. Na4 Qa7 27. b3
Nf6 28. Qxc5 Qc7 29. Qd6 Qa7+ 30. Qd4 Qc7 31. Nc3 Re5 32. Qd3 Bc5+ 33. Kh1 Bb4
34. Re2 Be7 35. Qc2 Bc5 36. Na4 Ba7 37. Nb2 Bb8 38. g3 R5e7 39. Rg1 Ba7 40.
Rgg2 Re5 41. Nd3 Rxe4 42. Bxe4 Rxe4 43. Rxe4 Nxe4 44. Kh2 h5 45. Qe2 45... Nf6
{...} 1/2-1/2

[Event "I Open A"]
[Site "Pedavena ITA"]
[Date "2005.08.05"]
[Round "4"]
[White "Inkiov, Ventzislav V."]
[Black "Efimov, Igor"]
[Result "1/2-1/2"]
[WhiteElo "2472"]
[BlackElo "2401"]
[PlyCount "42"]
[EventDate "2005.08.03"]

1. d4 Nf6 2. c4 e6 3. Nf3 a6 4. Nc3 c5 5. e3 b6 6. Bd3 Bb7 7. O-O d6 8. b3 g6
9. Bb2 Bg7 10. Qe2 O-O 11. Rad1 Nbd7 12. Ba1 Qc7 13. e4 cxd4 14. Nxd4 Rfe8 15.
Qd2 Rad8 16. Nde2 Nc5 17. Ng3 d5 18. exd5 exd5 19. cxd5 Nxd5 20. Nxd5 Rxd5 21.
Qc1 Bxa1 1/2-1/2

[Event "I Open A"]
[Site "Pedavena ITA"]
[Date "2005.08.05"]
[Round "4"]
[White "Luciani, Valerio"]
[Black "Chinello, Gianmarco"]
[Result "1-0"]
[WhiteElo "2248"]
[BlackElo "2070"]
[PlyCount "69"]
[EventDate "2005.08.03"]

1. d4 d5 2. c4 c6 3. Nc3 e6 4. cxd5 exd5 5. Bf4 Bd6 6. Bxd6 Qxd6 7. e3 Bf5 8.
Bd3 Bxd3 9. Qxd3 Nf6 10. Nge2 Nbd7 11. O-O O-O 12. f3 Rfe8 13. Rad1 Rad8 14.
Ng3 h6 15. Nf5 Qe6 16. Rde1 c5 17. g4 c4 18. Qc2 Qc6 19. Qg2 Nh7 20. h4 Ndf6
21. e4 Kh8 22. e5 Ng8 23. Nd6 Rf8 24. f4 Ne7 25. g5 Rd7 26. Nxf7+ Rxf7 27. e6
hxg5 28. exd7 Qxd7 29. fxg5 Rxf1+ 30. Rxf1 Qe6 31. Qg3 Qb6 32. Qe5 Qxb2 33.
Qxe7 Qxc3 34. Qe8+ Nf8 35. Rxf8+ 1-0

[Event "I Open A"]
[Site "Pedavena ITA"]
[Date "2005.08.05"]
[Round "4"]
[White "Maniero, Andrea"]
[Black "Solinas, Carlo"]
[Result "0-1"]
[WhiteElo "1898"]
[BlackElo "2074"]
[PlyCount "64"]
[EventDate "2005.08.03"]

1. e4 e5 2. Nc3 Nf6 3. g3 Nc6 4. Bg2 h5 5. Nf3 h4 6. Nxh4 d5 7. Nxd5 Bc5 8. d4
Nxd4 9. Bg5 c6 10. Bxf6 gxf6 11. Ne3 Qb6 12. c3 Ne6 13. Qe2 Rxh4 14. gxh4 Nf4
15. Qd2 Be6 16. O-O-O Qa6 17. a3 Qa4 18. Nf5 Bf8 19. Bf1 Qxe4 20. Ng3 Qa4 21.
Be2 Bh6 22. Kb1 Qb3 23. c4 Nxe2 24. Qxh6 Nc3+ 25. Kc1 Nxd1 26. Qh8+ Ke7 27.
Qxa8 Nxf2 28. Rf1 Qxc4+ 29. Kd2 Qd4+ 30. Ke1 Qe3+ 31. Ne2 Nd3+ 32. Kd1 Bb3# 0-1

[Event "I Open A"]
[Site "Pedavena ITA"]
[Date "2005.08.05"]
[Round "4"]
[White "Navarro, Emanuele"]
[Black "Drezzadore, Dario"]
[Result "1-0"]
[WhiteElo "2158"]
[BlackElo "2019"]
[PlyCount "73"]
[EventDate "2005.08.03"]

1. d4 Nf6 2. c4 g6 3. Nc3 Bg7 4. e4 d6 5. Nf3 O-O 6. Be2 Nc6 7. O-O e5 8. d5
Ne7 9. Ne1 Ne8 10. g4 f5 11. gxf5 gxf5 12. exf5 Nxf5 13. Ng2 Nh4 14. Bg4 Nxg2
15. Kxg2 Qh4 16. Bxc8 Rxc8 17. Qe2 Rf6 18. Ne4 Rg6+ 19. Kh1 Qh3 20. f3 Nf6 21.
Bd2 Rf8 22. Ng5 Qf5 23. Rg1 Nh5 24. Raf1 c6 25. Qe4 Nf4 26. Bxf4 Qxf4 27. Ne6
Qxe4 28. fxe4 Rxf1 29. Rxf1 cxd5 30. cxd5 Rf6 31. Rc1 Rf7 32. Rc8+ Bf8 33. Kg2
Rf6 34. Kg3 Rf7 35. Kg4 Rf2 36. Kg3 Rf6 37. Rd8 1-0

[Event "I Open A"]
[Site "Pedavena ITA"]
[Date "2005.08.05"]
[Round "4"]
[White "Pegoraro, Nicola"]
[Black "Navarro, Stefano"]
[Result "0-1"]
[WhiteElo "2085"]
[BlackElo "2209"]
[PlyCount "64"]
[EventDate "2005.08.03"]

1. e4 e5 2. Nf3 d6 3. d4 Nf6 4. Nc3 Nbd7 5. Bg5 Be7 6. Qd2 h6 7. Bxf6 Bxf6 8.
Nd5 c6 9. Nxf6+ Qxf6 10. O-O-O O-O 11. dxe5 dxe5 12. Qe3 Re8 13. Be2 Nf8 14.
Nd2 Be6 15. g3 a5 16. Kb1 a4 17. f4 exf4 18. gxf4 a3 19. e5 axb2 20. Bc4 Qe7
21. Rhg1 Ra3 22. Bb3 Rea8 23. Kxb2 c5 24. Nb1 c4 25. Nxa3 Qxa3+ 26. Kc3 Qa5+
27. Kb2 cxb3 28. axb3 Qa2+ 29. Kc3 Rc8+ 30. Kb4 Qa6 31. c4 Bxc4 32. bxc4 Rxc4+
0-1

[Event "I Open A"]
[Site "Pedavena ITA"]
[Date "2005.08.05"]
[Round "4"]
[White "Pomaro, Alberto"]
[Black "Gamberini, Davide"]
[Result "1-0"]
[WhiteElo "1943"]
[BlackElo "1862"]
[PlyCount "115"]
[EventDate "2005.08.03"]

1. d4 f5 2. c4 Nf6 3. Nc3 g6 4. Nf3 Bg7 5. g3 d6 6. Bg2 O-O 7. O-O Qe8 8. e3 c6
9. Rb1 e5 10. dxe5 dxe5 11. b3 e4 12. Nd4 Nbd7 13. Ba3 Rf7 14. Qc2 Ne5 15. Rfd1
Bf8 16. Bxf8 Qxf8 17. Kh1 Nfg4 18. h3 Qh6 19. Kg1 Nf6 20. Nde2 Nd3 21. Nf4 Nb4
22. Rd8+ Rf8 23. Qd2 g5 24. a3 gxf4 25. axb4 fxg3 26. fxg3 Qg7 27. Ne2 Be6 28.
Rxa8 Rxa8 29. Nf4 Bf7 30. Kh2 h5 31. h4 Kh7 32. Nh3 Ng4+ 33. Kh1 Ne5 34. Ng5+
Kg8 35. Rf1 Bg6 36. Bh3 Ng4 37. Bxg4 hxg4 38. Rd1 Qf6 39. Qd7 Re8 40. Qd6 Kg7
41. Qxf6+ Kxf6 42. Rd6+ Kg7 43. Ne6+ Kf7 44. Nd8+ Kg7 45. Nxb7 f4 46. gxf4 Rh8
47. Kg2 Rxh4 48. Kg3 Rh3+ 49. Kxg4 Rxe3 50. f5 Bf7 51. Kg5 Rxb3 52. f6+ Kh7 53.
Rxc6 e3 54. Rc7 Kg8 55. Kh6 Be6 56. Re7 Bxc4 57. Nd6 Bb5 58. f7+ 1-0